Library Logo

Pioneer International University Library Catalogue

Economy and society : (Record no. 10018)

MARC details
000 -LEADER
fixed length control field 01001nam a22002777a 4500
003 - CONTROL NUMBER IDENTIFIER
control field OSt
005 - DATE AND TIME OF LATEST TRANSACTION
control field 20260401101755.0
008 - FIXED-LENGTH DATA ELEMENTS--GENERAL INFORMATION
fixed length control field 260401b |||||||| |||| 00| 0 eng d
010 ## - LIBRARY OF CONGRESS CONTROL NUMBER
LC control number 7481443
020 ## - INTERNATIONAL STANDARD BOOK NUMBER
International Standard Book Number 978-0520035003 (alk. paper)
040 ## - CATALOGING SOURCE
Transcribing agency UNIVERSITY OF CARLIFORNIA PRESS
041 ## - LANGUAGE CODE
Language code of text/sound track or separate title english
050 ## - LIBRARY OF CONGRESS CALL NUMBER
Classification number HM 57 .W342 1978
Item number .W342 1978
100 ## - MAIN ENTRY--PERSONAL NAME
Personal name Weber, Max ,
Relator term author.
240 ## - UNIFORM TITLE
Uniform title Wirtschaft und Gesellschaft
Language of a work English
245 ## - TITLE STATEMENT
Title Economy and society :
Remainder of title an outline of interpretive sociology /
Statement of responsibility, etc. Max Weber ; edited by Guenther Roth and Claus Wittich.
260 ## - PUBLICATION, DISTRIBUTION, ETC.
Place of publication, distribution, etc. Berkeley :
Name of publisher, distributor, etc. University of California Press,
Date of publication, distribution, etc. 1978.
300 ## - PHYSICAL DESCRIPTION
Extent 240 pages,
Other physical details hardcover, ill. :col ;
Dimensions 23.5 cm.
504 ## - BIBLIOGRAPHY, ETC. NOTE
Bibliography, etc. note Includes bibliographical references and index.<br/>
650 ## - SUBJECT ADDED ENTRY--TOPICAL TERM
Topical term or geographic name entry element Sociology.
650 ## - SUBJECT ADDED ENTRY--TOPICAL TERM
Topical term or geographic name entry element Economics
General subdivision Sociological aspects.
650 ## - SUBJECT ADDED ENTRY--TOPICAL TERM
Topical term or geographic name entry element Authority
General subdivision Sociological aspects.
700 ## - ADDED ENTRY--PERSONAL NAME
Personal name Roth, Guenther,
Relator term editor.
700 ## - ADDED ENTRY--PERSONAL NAME
Personal name Wittich, Claus,
Relator term editor.
942 ## - ADDED ENTRY ELEMENTS (KOHA)
Source of classification or shelving scheme Library of Congress Classification
Koha item type Books
Edition 1st ed.
Suppress in OPAC No

No items available.